| 000 | 01399cam a2200337 a 4500 | ||
|---|---|---|---|
| 001 | 4980187 | ||
| 003 | OSt | ||
| 005 | 20160726184953.0 | ||
| 008 | 980529s1999 caua b 001 0 eng | ||
| 010 | _a 98025362 | ||
| 020 | _a0803959966 (cloth : acid-free paper) | ||
| 020 | _a0803959974 (paper : acid-free paper) | ||
| 040 |
_aDLC _cDLC _dDLC |
||
| 082 |
_aWB 460 _bS34p 1999 |
||
| 100 | 1 |
_aSallis, James F. _910476 |
|
| 245 | 1 | 0 |
_aPhysical activity & behavioral medicine / _cJames F. Sallis, Neville Owen. |
| 246 | 3 | _aPhysical activity and behavioral medicine | |
| 260 |
_aThousand Oaks, Calif. : _bSage Publications, _c1999. |
||
| 300 |
_axxvii, 210 p. : _bill. ; _c24 cm. |
||
| 440 | 0 |
_aBehavioral medicine and health psychology series ; _vv. 3 _910477 |
|
| 504 | _aIncludes bibliographical references (p. 185-204) and index. | ||
| 650 | 0 |
_aMedicine and psychology. _910478 |
|
| 650 | 0 |
_aPhysical fitness _xPhysiological aspects. _910479 |
|
| 650 | 0 |
_aPhysical fitness _xPsychological aspects. _910480 |
|
| 650 | 0 |
_aHealth. _92172 |
|
| 700 | 1 |
_aOwen, Neville. _910481 |
|
| 856 | 4 | 2 |
_3Publisher description _uhttp://www.loc.gov/catdir/enhancements/fy0656/98025362-d.html |
| 906 |
_a7 _bcbc _corignew _d1 _eocip _f19 _gy-gencatlg |
||
| 942 |
_2z _cO_SHELF |
||
| 999 |
_c4876 _d4876 |
||